Estadísticas para Nombra un estado mexicano válido

Haz click aquí para intentar la prueba.

Estadísticas generales

  • Esta prueba ha sido intentada 381 veces
  • La puntuación promedio es 12 de 15

Estadísticas de respuestas

Nombra un estado...Respuestas posibles% Correcto
que limita con los EE.UU.Baja California | Sonora | Chihuahua | Coahuila | Nuevo León | Tamaulipas
95%
con desierto.Baja California | Chihuahua | Coahuila | Durango | San Luis Potosí | Sonora | Zacatecas
94%
sin frontera internacional ni litoral del mar.Aguascalientes | Durango | Guanajuato | Hidalgo | México | Morelos | Puebla | Querétaro | San Luis Potosí | Tlaxcala | Zacatecas
90%
que albergó un estadio usado en la Copa Mundial de 1986Jalisco | Querétaro | Guanajuato | Puebla | Nuevo León | México
89%
que limita solamente con un estado.Baja California Sur
88%
encontrado en la península de Yucatán (excepto Yucatán).Campeche | Quintana Roo
84%
que tiene más de 200 municipios.Oaxaca | Puebla | Veracruz
81%
con un pico de 5.000 metros o más.Puebla | Veracruz | México | Morelos
77%
que se atraviesa el trópico de Cáncer.Baja California Sur | Sinaloa | Durango | Zacatecas | San Luis Potosí | Nuevo León | Tamaulipas
73%
con una población menos de 1.000.000.Campeche | Colima | Baja California Sur
70%
con más de 250.000 hablantes de Náhuatl.Veracruz | Puebla | Hidalgo
69%
que ingresó a la federación en los primeros dos dias.Guanajuato | México | Oaxaca | Puebla
67%
con una superficie menos de 5.000 kilómetros cuadrados.Tlaxcala | Morelos
65%
que produjo más de 10% del maís mexicano en 2017.Sinaloa | Jalisco
64%
con una fecha de ingreso a la federación después de 1950.Quintana Roo | Baja California Sur | Baja California
60%

Distribución de puntuación

Porcentaje por número respondido

Porcentaje de gente con cada puntuación

Historial de tus puntuaciones

No has intentado esta prueba.